01377cam a2200265 4500001001300000003000400013005001700017008004100034010001700075040004100092050002400133100004000157245013500197260004400332300005800376440004900434500008100483501035000564504002500914650003000939650003700969700004001006710004801046999001701094gs 67000264 DLC20260227111421.0690715s1967 dcuab b 000 0 eng c ags 67000264  aU.S. Geol. Survey. LibrarycDLCdDLC10aTC801b.U2 no. 18511 aRantz, S. E.q(Saul Edward),d1911-10aSurface-water hydrology of California coastal basins between San Francisco Bay and Eel River /cby S. E. Rantz and T. H. Thompson. aWashington :bGovt. Print. Off.,c1967. aiv, 60 p. :bill., maps (1 fold. in pocket) ;c24 cm. 0aGeological Survey water-supply paper ;v1851 a"Prepared in cooperation with the California Department of Water Resources." aWith: Water resources of King County, Washington / by Donald Richardson, J. W. Bingham, and R. J. Madison -- Flow pattern and related chemical quality of ground water in the "500-foot" sand in the Memphis area, Tennessee / by Edwin A. Bell and Dale J. Nyman. Washington : Govt. Print. Off., 1968. Bound together subsequent to publication.5DLC aBibliography: p. 34. 0aWater-supplyzCalifornia. 0aStream measurementszCalifornia.1 aThompson, T. H.q(Terry H.),d1937-1 aCalifornia.bDepartment of Water Resources. c30359d30359